Normal view
MARC view
- Gibbon, J. D
Entry Personal Name
001 - CONTROL NUMBER
- control field: 111208
003 - CONTROL NUMBER IDENTIFIER
- control field: NUST
005 - DATE AND TIME OF LATEST TRANSACTION
- control field: 20230322174419.0
008 - FIXED-LENGTH DATA ELEMENTS
- fixed length control field: 230322|| aca||aabn | a|a d
040 ## - CATALOGING SOURCE
- Original cataloging agency: NUST
- Transcribing agency: NUST
100 ## - HEADING--PERSONAL NAME
- Personal name: Gibbon, J. D
670 ## - SOURCE DATA FOUND
- Source citation: Work cat.: (NUST)0: Doering, Charles R. 111207, Applied analysis of the Navier-Stokes equations /, 1995.
